Actors who worked with Bryan Singer - Statistics

General Stats
  • This quiz has been taken 57 times
    53 since last reset
  • The average score is 23 of 74
Answer Stats
Films Answer % Correct
Bohemian Rhapsody Rami Malek
93%
X-Men, X2, X-Men: Days of Future Past Hugh Jackman
89%
X-Men, X2, X-Men: Days of Future Past, Apt Pupil Ian McKellen
86%
X-Men, X2, X-Men: Days of Future Past Patrick Stewart
86%
X-Men: Days of Future Past, X-Men: Apocalypse James McAvoy
79%
X-Men, X2, X-Men: Days of Future Past Halle Berry
75%
X-Men: Days of Future Past, X-Men: Apocalypse Jennifer Lawrence
71%
The Usual Suspects, Superman Returns Kevin Spacey
71%
X-Men: Days of Future Past, X-Men: Apocalypse Michael Fassbender
71%
Valkyrie Tom Cruise
71%
X-Men, X2, X-Men: Days of Future Past, Superman Returns James Marsden
64%
X-Men: Days of Future Past, X-Men: Apocalypse, Jack the Giant Slayer Nicholas Hoult
61%
X-Men: Apocalypse Sophie Turner
61%
The Usual Suspects Benicio del Toro
54%
X-Men: Apocalypse Oscar Isaac
54%
Bohemian Rhapsody Mike Myers
46%
X-Men: Apocalypse Rose Byrne
46%
The Usual Suspects Gabriel Byrne
43%
X-Men: Days of Future Past Peter Dinklage
39%
X-Men, X2, X-Men: Days of Future Past Anna Paquin
36%
Superman Returns Brandon Routh
36%
X-Men, X2, X-Men: Days of Future Past Famke Janssen
36%
The Usual Suspects Stephen Baldwin
36%
Bohemian Rhapsody, X-Men: Apocalypse Ben Hardy
32%
X2 Brian Cox
32%
X-Men: Days of Future Past Elliot Page
32%
Valkyrie Kenneth Branagh
32%
Bohemian Rhapsody Lucy Boynton
32%
X-Men, X2 Rebecca Romijn
32%
Jack the Giant Slayer Ewan McGregor
29%
Bohemian Rhapsody Gwilym Lee
29%
X-Men: Apocalypse Kodi Smit-McPhee
29%
X-Men: Apocalypse Olivia Munn
29%
X-Men, X2, X-Men: Days of Future Past Shawn Ashmore
29%
X-Men: Apocalypse Tye Sheridan
29%
Bohemian Rhapsody Aidan Gillen
25%
X2 Alan Cumming
25%
X-Men: Days of Future Past, X-Men: Apocalypse Evan Peters
25%
Superman Returns Kate Bosworth
25%
X-Men: Days of Future Past Omar Sy
25%
X-Men Ray Park
25%
Jack the Giant Slayer Warwick Davis
25%
Valkyrie, Jack the Giant Slayer Bill Nighy
21%
The Usual Suspects Kevin Pollak
21%
Bohemian Rhapsody, Valkyrie Tom Hollander
21%
X-Men: Apocalypse Alexandra Shipp
18%
Jack the Giant Slayer Eddie Marsan
18%
Jack the Giant Slayer Eleanor Tomlinson
18%
X-Men: Days of Future Past Fan Bingbing
18%
The Usual Suspects Giancarlo Esposito
18%
Jack the Giant Slayer Ian McShane
18%
Bohemian Rhapsody Joseph Mazzello
18%
X-Men: Days of Future Past, X-Men: Apocalypse Lucas Till
18%
Superman Returns Parker Posey
18%
The Usual Suspects Pete Postlethwaite
18%
Jack the Giant Slayer Stanley Tucci
18%
Apt Pupil Brad Renfro
14%
X-Men, X2, Apt Pupil Bruce Davison
14%
Superman Returns Frank Langella
14%
Valkyrie Carice van Houten
11%
Apt Pupil David Schwimmer
11%
X-Men: Apocalypse Lana Condor
11%
Valkyrie Terence Stamp
11%
Valkyrie Tom Wilkinson
11%
The Usual Suspects Clark Gregg
7%
Valkyrie Eddie Izzard
7%
Superman Returns Marlon Brando
7%
Apt Pupil Ann Dowd
4%
Valkyrie Bernard Hill
4%
Valkyrie David Bamber
4%
Apt Pupil Elias Koteas
4%
Apt Pupil Joe Morton
4%
Valkyrie Thomas Kretschmann
4%
Valkyrie Matthias Schweighöfer
0%
No matching quizzes found
Score Distribution
Percent of People with Each Score
Percentile by Number Answered
Your Score History
You have not taken this quiz since the last reset